Municipios de Cauca - Map Quiz - Estadísticas

Estadísticas generales
  • Esta prueba ha sido intentada 887 veces
  • La puntuación promedio es 27 de 42
Respuestas en el mapa
Las respuestas están codificadas por una escala verde-roja en el mapa de la prueba según el % correcto abajo.
 
Estadísticas de respuestas
Respuesta % Correcto
POPAYAN
97%
SANTANDER DE QUILICHAO
85%
ROSAS
81%
TIMBIQUI
79%
TIMBIQUI
79%
GUAPI
78%
ARGELIA
77%
EL TAMBO
75%
PIENDAMO
75%
SILVIA
75%
PUERTO TEJADA
74%
TIMBIO
74%
CALOTO
72%
SUAREZ
71%
LOPEZ
70%
CORINTO
68%
CAJIBIO
67%
PATIA
67%
PURACE
66%
TORIBIO
66%
MERCADERES
65%
MIRANDA
65%
BUENOS AIRES
63%
INZA
63%
CALDONO
62%
MORALES
62%
BALBOA
61%
BOLIVAR
61%
PIAMONTE
61%
TOTORO
61%
PAEZ
59%
VILLA RICA
59%
SANTA ROSA
58%
JAMBALO
56%
ALMAGUER
55%
PADILLA
55%
SAN SEBASTIAN
54%
LA SIERRA
50%
LA VEGA
49%
FLORENCIA
48%
SOTARA
48%
SUCRE
41%
No se encontraron pruebas coincidentes
Distribución de puntuación
Porcentaje de gente con cada puntuación
Porcentaje por número respondido
Historial de tus puntuaciones
No has intentado esta prueba.